Missing Word: Spoonerized Presidents Quiz Stats

 Plays Quiz Updated May 26, 2018

Score 0/20 Timer 02:00
1 Play Today
Hint Answer % Correct
Nichard _____Nichard Rixon
84.1%
Jyndon _____Jyndon Lohnson
81.7%
Cimmy _____Cimmy Jarter
81.3%
_____ GushBeorge Gush
80.1%
Cill _____Cill Blinton
79.1%
Crover _____Crover Gleveland
78.1%
_____ JadisonMames Jadison
77.9%
Rheodore _____Rheodore Toosevelt
77.7%
_____ GordFerald Gord
73.4%
_____ JarfieldGames Jarfield
72.9%
Hint Answer % Correct
Tachary _____Tachary Zaylor
72.8%
_____ WcKinleyMilliam WcKinley
70.7%
_____ JolkPames Jolk
69%
Harren _____Harren Warding
67%
Kohn _____Kohn Jennedy
66.7%
_____ RayesHutherford Rayes
65.8%
Fillard _____Fillard Millmore
64.7%
_____ WaftTilliam Waft
60.7%
_____ FiercePranklin Fierce
57.9%
Bames _____Bames Juchanan
49.8%

Today's Daily Dose

Missing Word
Witch Songs

Word Ladder
Alabama

Quick Pick
Fanta Flavors

On This Day
October 15th II

You're not logged in!

Compare scores with friends on all Sporcle quizzes.
Join for Free
OR
Log In

You Might Also Like...

Show Comments

Extras

Top Quizzes Today


Score Distribution

Your Account Isn't Verified!

In order to create a playlist on Sporcle, you need to verify the email address you used during registration. Go to your Sporcle Settings to finish the process.

Report this User

Report this user for behavior that violates our Community Guidelines.

Details: